Lyrics to 'Dos Mil Algo' by Morat - Statistics

General Stats
  • This quiz has been taken 39 times
  • The average score is 295 of 310
Answer Stats
Answer % Correct
a
100%
algo
100%
bien
100%
con
100%
contarte
100%
cualquiera
100%
'De
100%
de
100%
digo
100%
dime
100%
dos
100%
duele
100%
el
100%
en
100%
enamorar
100%
es
100%
falta
100%
fuimos
100%
ha
100%
he
100%
hiciste
100%
hoy
100%
igual
100%
la
100%
las
100%
Lo
100%
lo
100%
los
100%
mal
100%
me
100%
Me
100%
Mi
100%
mil
100%
Música
100%
No
100%
no
100%
nuestros
100%
Para
100%
para
100%
planes
100%
Por
100%
por
100%
porque
100%
Porque
100%
que
100%
quedé
100%
Quiero
100%
quiero
100%
si
100%
sin
100%
solo
100%
también
100%
te
100%
ti
100%
100%
100%
un
100%
una
100%
valgo
100%
vuelto
100%
Y
100%
y
100%
ya
100%
Ya
100%
ahora
83%
alguien
83%
amor'
83%
años
83%
Antes
83%
aquel
83%
canción
83%
cantas
83%
clandestinos
83%
Como
83%
cómo
83%
como
83%
condena
83%
contra
83%
creció
83%
debemos
83%
demás
83%
dijimos
83%
doliera
83%
dolió
83%
engaños
83%
enredarme
83%
era
83%
esa
83%
está
83%
esta
83%
estabas
83%
extraños
83%
futuro
83%
ganó
83%
gustaba
83%
hago
83%
libertad
83%
Ligera'
83%
llegó
83%
llena
83%
más
83%
mejores
83%
mentiras
83%
muero
83%
niño
83%
noche
83%
nos
83%
nunca
83%
pero
83%
pierdo
83%
quedemos
83%
quise
83%
quita
83%
radio
83%
sabemos
83%
saber
83%
sabes
83%
se
83%
seamos
83%
señal
83%
simple
83%
sonaba
83%
Soñamos
83%
suena
83%
terco
83%
Todo
83%
vas
83%
vez
83%
vivir
83%
Yo
83%
Corrí
67%
huida
67%
sintiendo
67%
sonó
67%
No matching quizzes found
Score Distribution
Percent of People with Each Score
Percentile by Number Answered
Your Score History
You have not taken this quiz